| 000 | 00345nam a22001337a 4500 | ||
|---|---|---|---|
| 008 | 181226b xxu||||| |||| 00| 0 eng d | ||
| 020 | _a9780077292737 | ||
| 041 | _aeng | ||
| 080 |
_210th _a510 |
||
| 100 | _a36 | ||
| 101 | _amat | ||
| 245 |
_aCalculus for Business, Economics, and the Social and Life Sciences _cHoffmann,L.D |
||
| 942 |
_2udc _cBK |
||
| 999 |
_c53777 _d53777 |
||